Statistics for Total Drama: Pahkitew Island Character Quiz

Click here to take the quiz!

General Stats

  • This quiz has been taken 202 times
  • The average score is 13 of 14

Answer Stats

ContestantPlacement% Correct
Shawn2nd / 1st Place
97%
Sky2nd / 1st Place
97%
Amy12th Place
95%
Beardo14th Place
95%
Dave7th Place
95%
Jasmine4th Place
95%
Sugar3rd Place
95%
Max5th Place
94%
Ella9th Place
93%
Leonard13th Place
93%
Samey10th Place
93%
Rodney11th Place
92%
Scarlett6th Place
92%
Topher8th Place
84%

Score Distribution

Percentile by Number Answered

Percent of People with Each Score

Your Score History

You have not taken this quiz